000 00858nas a2200265 i 4500
001 168414
003 ES-MaACL
005 20250802062538.0
008 080407 2005 sp | | ||pa d
080 _a82(082.2)
245 0 0 _aEñe
_b: revista para leer.
246 2 _aÑ
260 _aMadrid :
_bLa Fábrica,
_c2005-
300 _a7 v. :
_bil. ;
_c22 cm.
310 _aTrimestral
362 0 _aN. 1 (primavera 2005)-
650 7 _aLiteratura
_2embne
_9141583
655 0 _9176430
_aRevistas literarias
710 0 _aLa Fábrica.
_95459
852 _aES-MaACL
_jHEM-2040
_cHEM
_zExpurgado marzo 2025: posterior 1958; sin encuaderar; completa a Biblioteca Nacional; 26 ubiaciones en Rebiun
866 0 _o2005-2006 (2007)-(2012).
_uFaltas: 2007 (n.11)
942 _2udc
_cPERIODICA
999 _c168414
_d168414